Arte, mente y cerebro : una aproximación cognitiva a la creatividad /
Guardado en:
| Autor Principal: | |
|---|---|
| Formato: | Libro |
| Publicado: |
Buenos Aires :
Paidós,
1997
|
| Series: | Básica
|
| Materias: | |
| Etiquetas: |
Agregar Etiqueta
Sin Etiquetas, Sea el primero en etiquetar este registro!
|
| LEADER | 00984nam a22002535a 4500 | ||
|---|---|---|---|
| 001 | CEM.cems009636 | ||
| 005 | 20080725090623.0 | ||
| 008 | 130507s1997##################000#0#####d | ||
| 003 | CEMS | ||
| 020 | |a 950126839X | ||
| 082 | 0 | 4 | |a 371 |
| 100 | 1 | |a Gardner, Howard | |
| 245 | 1 | 0 | |a Arte, mente y cerebro : |b una aproximación cognitiva a la creatividad / |c Howard Gardner |
| 260 | |a Buenos Aires : |b Paidós, |c 1997 | ||
| 300 | |a 397 p. | ||
| 490 | 0 | |a Básica | |
| 500 | |a Red Federal de Formación Docente Continua | ||
| 505 | 0 | |a Los maestros -- Desarrollo artístico en los niños -- Sobre la educación y los medios comunicación: la transmisión de conocimientos -- El deterioro de la mente -- Las cuspides de la creatividad | |
| 653 | |a Educación | ||
| 653 | |a Creatividad-educación | ||
| 653 | |a Didáctica nivel incial | ||
| 653 | |a Nivel incial | ||
| 859 | |a CEMS |b BIB. CEMS - 11 de abril |h 371 |i G173 |p 19491.98 |t Ej.1 | ||
| 859 | |a CEMS |b BIB. CEMS - 11 de abril |h 371 |i G173 |p 19492.98 |t Ej.2 | ||
